书目信息 |
| 题名: |
数字电路
|
|
| 作者: | 张汝杰 , 陶增生 , 钱菊娣 , 叶俊生 编著 | |
| 分册: | 上册 | |
| 出版信息: | 上海 上海科学技术出版社 1984 |
|
| 页数: | 2册 (266, 257页) | |
| 开本: | 20cm | |
| 丛书名: | ||
| 单 册: | ||
| 中图分类: | TP331.2 | |
| 科图分类: | ||
| 主题词: | 数字电路 | |
| 电子资源: | ||
| ISBN: | 15119.2305 | |
| 000 | 00813nam0 2200277 450 | |
| 001 | 000439630 | |
| 005 | 20120905085358.0 | |
| 010 | @a15119.2305@dCNY1.15 | |
| 091 | @a15119.2305@b上册@dCNY1.15 | |
| 091 | @a15119.2308@b下册@dCNY1.15 | |
| 100 | @a20120905d1984 ekmy0chiy0121 ea | |
| 101 | 0 | @achi |
| 102 | @aCN@b310000 | |
| 105 | @aa z 000yy | |
| 106 | @ar | |
| 200 | 1 | @a数字电路@9Shu;Shuo Zi Dian Lu @f张汝杰等编著@h上册 |
| 210 | @a上海@c上海科学技术出版社@d1984 | |
| 215 | @a2册 (266, 257页)@c图@d20cm | |
| 606 | 0 | @a数字电路 |
| 690 | @aTP331.2@v3 | |
| 701 | 0 | @a张汝杰@9zhang ru jie@4编著 |
| 701 | 0 | @a陶增生@9tao zeng sheng@4编著 |
| 701 | 0 | @a钱菊娣@9qian ju di@4编著 |
| 701 | 0 | @a叶俊生@9ye jun sheng@4编著 |
| 801 | 0 | @aCN@bAzMarc@c20130904 |
| 905 | @aBZT@dTP331.2@e6:1@f4@sTP331.2/6:1 | |
| 数字电路/张汝杰等编著.上册.-上海:上海科学技术出版社,1984 |
| 2册 (266, 257页):图;20cm |
| ISBN 15119.2305:CNY1.15 |
| ● |
| 相关链接 |
|
|
|
正题名:数字电路
索取号:TP331.2/6:1
 
预约/预借
| 序号 | 登录号 | 条形码 | 馆藏地/架位号 | 状态 | 备注 |
| 1 | 2000077467 | 2000077467 | 旧书回溯/ [索取号:TP331.2/6:1] | 在馆 | |
| 2 | 2000077468 | 2000077468 | 旧书回溯/ [索取号:TP331.2/6:1] | 在馆 | |
| 3 | 2000083090 | 2000083090 | 旧书回溯/ [索取号:TP331.2/6:1] | 在馆 | |
| 4 | 2000083091 | 2000083091 | 旧书回溯/ [索取号:TP331.2/6:1] | 在馆 |